[Event "Ceske Budejovice op-B"]
[White "Kroulik, Stepan"]
[Black "Schoberl, Matej"]
[Site "Ceske Budejovice"]
[Round "7"]
[Result "0-1"]
[Date "2020.07.07"]
[WhiteElo "1052"]
[BlackElo "1088"]
[PlyCount "46"]
[EventDate "2020.07.01"]
[EventType "swiss"]
[EventRounds "9"]
[EventCountry "CZE"]
[SourceTitle "CBM 197 Extra"]
[Source "ChessBase"]
[SourceDate "2020.09.30"]
[SourceVersion "1"]
[SourceVersionDate "2020.09.30"]
[SourceQuality "1"]

1. e4 e6 2. d4 d5 3. exd5 exd5 4. Nf3 c5 5. Nc3 Nf6 6. Bd3 Nh5 7. 0-0 Qf6 8. Bg5 Qd6 9. Qe2+ Be6 10. Bb5+ Nd7 11. Ne5 f6 12. Qxh5+ Ke7 13. Nxd7 g6 14. Bxf6+ Kf7 15. Qf3 Bf5 16. Bxh8 Be7 17. Ne5+ Kg8 18. Qxd5+ Be6 19. Qxb7 Rb8 20. Qxa7 Kxh8 21. Nc6 Bd8 22. Nxb8 Bc7 23. Nc6 Qxh2# 0-1

[Event "Ceske Budejovice op-B"]
[White "Schoberl, Matej"]
[Black "Strapec, Lukas"]
[Site "Ceske Budejovice"]
[Round "1"]
[Result "0-1"]
[Date "2020.07.01"]
[WhiteElo "1088"]
[BlackElo "1525"]
[PlyCount "54"]
[EventDate "2020.07.01"]
[EventType "swiss"]
[EventRounds "9"]
[EventCountry "CZE"]
[SourceTitle "CBM 197 Extra"]
[Source "ChessBase"]
[SourceDate "2020.09.30"]
[SourceVersion "1"]
[SourceVersionDate "2020.09.30"]
[SourceQuality "1"]

1. e4 c5 2. c4 Nc6 3. Nc3 g6 4. g4 Bg7 5. Nf3 d6 6. d4 Nxd4 7. Bg2 Bxg4 8. h3 Bxf3 9. Bxf3 Nxf3+ 10. Qxf3 Nf6 11. Nd5 Nxd5 12. exd5 0-0 13. Qg3 Qa5+ 14. Bd2 Qc7 15. Rg1 Bxb2 16. Rb1 Be5 17. Qg2 a6 18. f4 Bg7 19. Qg5 Qd7 20. Rb3 b5 21. Rbg3 h6 22. Qh4 Kh7 23. Bc3 Bxc3+ 24. Rxc3 Qf5 25. Rcg3 Qh5 26. Qxe7 Rae8 27. Qe2 Qxe2# 0-1